| 000 | 00548nam a22001817a 4500 | ||
|---|---|---|---|
| 999 |
_c185583 _d185583 |
||
| 005 | 20220204124429.0 | ||
| 010 | _aENG-131407 | ||
| 020 |
_a9789390473120 _c595.00 |
||
| 035 | _aEN-114939 | ||
| 037 | _bDBAD | ||
| 082 | _a480 | ||
| 100 | _aAazfa, Deeba | ||
| 245 |
_aEnglish Phonetics and Phonology: _cDeeba Aazfa |
||
| 260 |
_aNew Delhi _bAcademic Aspirations _c2021 |
||
| 270 |
_a4740/23, Ansari Road, Daryaganj _bNew Delhi _e110002 _macademicaspiration@gmail.com |
||
| 300 |
_a356p. _c23cm(pbk) |
||
| 942 |
_2ddc _cEN _h480 _mAAZ |
||